[Event "DVM U16 2024"]
[Site "Sebnitz GER"]
[Date "2024.12.29"]
[Round "6"]
[White "Melestean, Maxim"]
[Black "Semling, Johannes"]
[Result "1-0"]
[Termination "normal"]
[Board "2.2"]
[WhiteElo "1962"]
[BlackElo "2180"]
[WhiteTeam "SK König Plauen"]
[BlackTeam "OSG Baden-Baden"]
[PlyCount "85"]
[WhiteFideId "16280393"]
[BlackFideId "16290151"]
[EventCountry "GER"]
[EventRounds "7"]
[EventType "team-swiss"]
[EventDate "2024.12.26"]

1. d4 Nf6 2. c4 e6 3. Nf3 b6 4. g3 Ba6 5. Qb3 Bb7 6. Bg2 d5 7. Ne5 Nbd7 8. Qa4
c5 9. dxc5 Bxc5 10. O-O O-O 11. Nxd7 Nxd7 12. Rd1 Nf6 13. Nc3 Qe7 14. cxd5 exd5
15. Bg5 d4 16. Bxb7 Qxb7 17. Bxf6 gxf6 18. Nb5 Rfe8 19. Nxd4 Re4 20. e3 Rc8 21.
Rac1 h5 22. Qc2 Rce8 23. h4 a5 24. Nb3 R4e5 25. Qe2 Bf8 26. Rd4 Qa7 27. Rcd1 a4
28. Rd7 Qa8 29. Nd4 Rd5 30. Rxd5 Qxd5 31. Qb5 Qxb5 32. Nxb5 Bc5 33. Rd5 Re5 34.
Rxe5 fxe5 35. Nc3 a3 36. b3 f5 37. Na4 e4 38. Nxc5 bxc5 39. Kf1 Kf7 40. Ke2 Ke6
41. Kd2 Kd6 42. Kc3 Kd5 43. b4 1-0

[Event "DVM U16 2024"]
[Site "Sebnitz GER"]
[Date "2024.12.29"]
[Round "6"]
[White "Uhlmann, Tim"]
[Black "Akladius, Kyrillus"]
[Result "1-0"]
[Termination "normal"]
[Board "2.3"]
[WhiteElo "2041"]
[BlackElo "1659"]
[WhiteTeam "OSG Baden-Baden"]
[BlackTeam "SK König Plauen"]
[PlyCount "99"]
[WhiteFideId "16239210"]
[BlackFideId "16267036"]
[EventCountry "GER"]
[EventRounds "7"]
[EventType "team-swiss"]
[EventDate "2024.12.26"]

1. a3 Nf6 2. Nf3 c5 3. c4 d5 4. cxd5 Nxd5 5. e4 Nc7 6. Nc3 Nc6 7. Bc4 Be6 8.
Nd5 Nxd5 9. exd5 Bxd5 10. Qb3 Bxc4 11. Qxc4 e6 12. O-O Be7 13. d3 O-O 14. Be3
Qd5 15. Qc2 Rac8 16. Rac1 b6 17. Rfd1 Rfd8 18. Kh1 e5 19. Qe2 Qe6 20. Re1 Bf6
21. h3 Nd4 22. Bxd4 cxd4 23. Rxc8 Qxc8 24. Qe4 h6 25. Nxe5 Qc2 26. Nc6 Rf8 27.
Re2 Qd1+ 28. Kh2 Qa4 29. Nb4 Qd7 30. Nd5 Qd6+ 31. g3 Rd8 32. Nxf6+ Qxf6 33. Qe7
Qxe7 34. Rxe7 a5 35. Rb7 Rd6 36. Kg2 f5 37. Kf3 Kh7 38. Kf4 Re6 39. Kxf5 Rf6+
40. Ke4 Rxf2 41. Rxb6 Rg2 42. g4 Rg3 43. Kxd4 Rxh3 44. Ra6 Rg3 45. Rxa5 Rxg4+
46. Ke3 Kg6 47. b4 Kf6 48. b5 Ke5 49. b6+ Kd6 50. Rb5 1-0

[Event "DVM U16 2024"]
[Site "Sebnitz GER"]
[Date "2024.12.29"]
[Round "6"]
[White "Rühmer, Nico"]
[Black "Büttner, Anton"]
[Result "0-1"]
[Termination "normal"]
[Board "2.4"]
[WhiteElo "1626"]
[BlackElo "1879"]
[WhiteTeam "SK König Plauen"]
[BlackTeam "OSG Baden-Baden"]
[PlyCount "84"]
[WhiteFideId "34640339"]
[BlackFideId "16292081"]
[EventCountry "GER"]
[EventRounds "7"]
[EventType "team-swiss"]
[EventDate "2024.12.26"]

1. e4 e5 2. Nf3 Nc6 3. Bc4 Bc5 4. c3 d6 5. d3 Nf6 6. Nbd2 O-O 7. h3 Bb6 8. O-O
Be6 9. Re1 h6 10. Bb5 Ne7 11. Nf1 c6 12. Ba4 Nd7 13. Be3 f5 14. Bb3 Bxb3 15.
Qxb3+ Kh7 16. Bxb6 axb6 17. exf5 Nxf5 18. Ne3 Nh4 19. Nxh4 Qxh4 20. Qc2 Rf7 21.
Nf1 Raf8 22. Re2 Kh8 23. Ng3 Nc5 24. Rf1 Ne6 25. Re4 Qf6 26. Qe2 Nf4 27. Qe3
Qg6 28. Ra4 h5 29. h4 Nxd3 30. Ne4 Nc5 31. Nxc5 bxc5 32. Qe2 Rf4 33. Ra7 Qf7
34. g3 Rg4 35. Qd3 d5 36. Ra5 e4 37. Qe3 Qc7 38. b4 Rf3 39. Ra8+ Kh7 40. Qd2
Rfxg3+ 41. fxg3 Qxg3+ 42. Qg2 Qxg2# 0-1

[Event "DVM U16 2024"]
[Site "Sebnitz GER"]
[Date "2024.12.29"]
[Round "6"]
[White "Nunez Grégoire, Daniel"]
[Black "Möller, Maurin"]
[Result "0-1"]
[Termination "normal"]
[Board "3.1"]
[WhiteElo "2041"]
[BlackElo "2233"]
[WhiteTeam "Stuttgarter SF 1879"]
[BlackTeam "SK Blauer Springer Paderborn 1926"]
[PlyCount "70"]
[WhiteFideId "34627103"]
[BlackFideId "16265696"]
[EventCountry "GER"]
[EventRounds "7"]
[EventType "team-swiss"]
[EventDate "2024.12.26"]

1. d4 Nf6 2. Nf3 e6 3. c4 c5 4. Nc3 d5 5. cxd5 exd5 6. g3 Nc6 7. Bg2 Bg4 8.
dxc5 Bxc5 9. O-O d4 10. Na4 Be7 11. b3 Rc8 12. Bg5 O-O 13. Nb2 Re8 14. Bxf6
Bxf6 15. Nd3 Qe7 16. Re1 Nb4 17. Nxb4 Qxb4 18. a3 Qb6 19. Ra2 Rc3 20. Nd2 Be6
21. Qb1 Be7 22. Be4 h5 23. Bh7+ Kh8 24. Bf5 Bg5 25. Bxe6 Qxe6 26. Rc2 Rxc2 27.
Qxc2 d3 28. Qc3 dxe2 29. Nc4 Qd5 30. h4 Bf6 31. Qc2 Qf3 32. Nd6 Re7 33. Nf5 Re6
34. Qc5 Qc3 35. Qf8+ Kh7 0-1

[Event "DVM U16 2024"]
[Site "Sebnitz GER"]
[Date "2024.12.29"]
[Round "6"]
[White "Weeke, Tom"]
[Black "Gotfried, Elias"]
[Result "1/2-1/2"]
[Termination "normal"]
[Board "3.2"]
[WhiteElo "1785"]
[BlackElo "1968"]
[WhiteTeam "SK Blauer Springer Paderborn 1926"]
[BlackTeam "Stuttgarter SF 1879"]
[PlyCount "64"]
[WhiteFideId "34607080"]
[BlackFideId "34630171"]
[EventCountry "GER"]
[EventRounds "7"]
[EventType "team-swiss"]
[EventDate "2024.12.26"]

1. e4 e6 2. d4 d5 3. e5 c5 4. c3 Nc6 5. Nf3 Qb6 6. a3 Nh6 7. Bd3 cxd4 8. O-O
Bd7 9. b4 Ng4 10. Qe2 dxc3 11. Nxc3 Nd4 12. Nxd4 Qxd4 13. Bb2 h5 14. Nb5 Qb6
15. Bd4 Qd8 16. Rac1 Bc6 17. Nxa7 Nxh2 18. Rxc6 bxc6 19. Nxc6 Qh4 20. Bb5 Nxf1
21. Na5+ Ke7 22. Bc5+ Kd8 23. Bb6+ Ke7 24. Nc6+ Ke8 25. Qc2 Bxb4 26. Nxb4+ Kf8
27. Qc6 Rd8 28. Bxd8 Qxd8 29. Kxf1 g6 30. Qd6+ Kg7 31. Nc6 Qg5 32. Qc5 Qd2
1/2-1/2

[Event "DVM U16 2024"]
[Site "Sebnitz GER"]
[Date "2024.12.29"]
[Round "6"]
[White "Goldinov, Daniel"]
[Black "Rogalski, Niclas"]
[Result "0-1"]
[Termination "normal"]
[Board "3.3"]
[WhiteElo "1925"]
[BlackElo "1666"]
[WhiteTeam "Stuttgarter SF 1879"]
[BlackTeam "SK Blauer Springer Paderborn 1926"]
[PlyCount "120"]
[WhiteFideId "34605649"]
[BlackFideId "34640320"]
[EventCountry "GER"]
[EventRounds "7"]
[EventType "team-swiss"]
[EventDate "2024.12.26"]

1. e4 c6 2. d4 d5 3. exd5 cxd5 4. Bd3 Nc6 5. c3 Qc7 6. Ne2 e6 7. Bf4 Bd6 8.
Bxd6 Qxd6 9. O-O Nge7 10. Nd2 O-O 11. Qc2 f5 12. f4 Bd7 13. Rae1 Kh8 14. Kh1
Ng8 15. Nf3 Nf6 16. Ne5 Ne4 17. Bxe4 fxe4 18. Qd2 Nxe5 19. dxe5 Qa6 20. Nd4
Rae8 21. b3 Re7 22. Rf2 b5 23. b4 Qb6 24. Qe3 Qc7 25. Nb3 Rc8 26. Nc5 a5 27.
Qd4 a4 28. Qe3 Rce8 29. Rd1 Bc8 30. g4 Rf7 31. Rdf1 Kg8 32. Qg3 Ref8 33. f5
exf5 34. e6 Re7 35. Qxc7 Rxc7 36. gxf5 Re7 37. Rd2 Bxe6 38. Nxe6 Rxe6 39. fxe6
Rxf1+ 40. Kg2 Rf5 41. c4 bxc4 42. b5 c3 43. Rd1 Re5 44. Kf2 Kf8 45. Ke3 Ke7 46.
Rc1 Rxe6 47. Rxc3 Rb6 48. Rc7+ Kf6 49. Rc5 Ke5 50. Rc7 d4+ 51. Kd2 Rxb5 52.
Rxg7 Rb2+ 53. Kc1 Rxh2 54. Rf7 d3 55. a3 Kd4 56. Rf1 e3 57. Rg1 Kc3 58. Kb1 d2
59. Ka1 e2 60. Rg3+ Kc2 0-1

[Event "DVM U16 2024"]
[Site "Sebnitz GER"]
[Date "2024.12.29"]
[Round "6"]
[White "Wolek, Lukas"]
[Black "Babaian, Bagrat"]
[Result "1/2-1/2"]
[Termination "normal"]
[Board "3.4"]
[WhiteElo "1626"]
[BlackElo "1763"]
[WhiteTeam "SK Blauer Springer Paderborn 1926"]
[BlackTeam "Stuttgarter SF 1879"]
[PlyCount "43"]
[WhiteFideId "34689796"]
[BlackFideId "34107428"]
[EventCountry "GER"]
[EventRounds "7"]
[EventType "team-swiss"]
[EventDate "2024.12.26"]

1. e4 c5 2. c3 Nf6 3. e5 Nd5 4. d4 e6 5. Nf3 Nc6 6. c4 Nb6 7. d5 Ne7 8. Nc3 d6
9. exd6 Nf5 10. a4 Nxd6 11. a5 Nd7 12. dxe6 fxe6 13. Bf4 Nf6 14. Ne5 Be7 15. g4
O-O 16. Bg2 a6 17. Bg3 Nf7 18. Qe2 Nxe5 19. Bxe5 Ra7 20. Bb8 Ra8 21. Be5 Ra7
22. Bb8 1/2-1/2

[Event "DVM U16 2024"]
[Site "Sebnitz GER"]
[Date "2024.12.29"]
[Round "6"]
[White "Korchynskyi, Mykola"]
[Black "Zhang, Yibo"]
[Result "1-0"]
[Termination "normal"]
[Board "4.1"]
[WhiteTitle "FM"]
[WhiteElo "2284"]
[BlackElo "1982"]
[WhiteTeam "SF Essen-Katernberg 04/32"]
[BlackTeam "SV Stuttgart-Wolfbusch 1956"]
[PlyCount "115"]
[WhiteFideId "34138005"]
[BlackFideId "16287657"]
[EventCountry "GER"]
[EventRounds "7"]
[EventType "team-swiss"]
[EventDate "2024.12.26"]

1. d4 d5 2. Nf3 c6 3. Bf4 Qb6 4. Qc1 Bf5 5. e3 Nf6 6. Bd3 Bxd3 7. cxd3 e6 8.
O-O Be7 9. Nc3 Nbd7 10. e4 dxe4 11. dxe4 O-O 12. Rd1 Rac8 13. Bg5 Rfe8 14. Rb1
a5 15. h3 Qa6 16. e5 Nd5 17. Ne4 Bf8 18. Bh4 c5 19. Qg5 cxd4 20. Rxd4 Rc4 21.
Rbd1 Rxd4 22. Rxd4 Be7 23. Qg4 Bxh4 24. Qxh4 h6 25. Nd6 Rf8 26. Qh5 Qe2 27. Rd2
Qa6 28. Rc2 Nf4 29. Qg4 Qd3 30. Rd2 Qb1+ 31. Kh2 Ng6 32. Qd4 Qxa2 33. Nxb7 Nb8
34. b4 Qa4 35. Nxa5 Ne7 36. Qc5 Nd5 37. Rd4 Na6 38. Qc6 Qxc6 39. Nxc6 Nac7 40.
Rd2 Ra8 41. Nfd4 Nb6 42. f4 Ncd5 43. f5 exf5 44. Nxf5 Ra1 45. b5 Rb1 46. Nd6
Ne3 47. Ra2 Nec4 48. Ra7 Rf1 49. Rb7 h5 50. h4 Rf2 51. Rb8+ Kh7 52. Nxf7 Rxf7
53. e6 Rf4 54. e7 Rxh4+ 55. Kg1 Nd6 56. Rxb6 Re4 57. Rb8 Kg6 58. Rd8 1-0

[Event "DVM U16 2024"]
[Site "Sebnitz GER"]
[Date "2024.12.29"]
[Round "6"]
[White "Berresheim, Nils"]
[Black "Marinin, Georgii"]
[Result "1/2-1/2"]
[Termination "normal"]
[Board "4.3"]
[WhiteElo "1893"]
[BlackElo "1747"]
[WhiteTeam "SF Essen-Katernberg 04/32"]
[BlackTeam "SV Stuttgart-Wolfbusch 1956"]
[PlyCount "62"]
[WhiteFideId "16246306"]
[BlackFideId "34617140"]
[EventCountry "GER"]
[EventRounds "7"]
[EventType "team-swiss"]
[EventDate "2024.12.26"]

1. c4 c6 2. Nf3 Nf6 3. e3 d5 4. Nc3 e6 5. b3 Nbd7 6. Bb2 Bd6 7. Be2 O-O 8. O-O
a6 9. d4 b5 10. c5 Bc7 11. Qc2 b4 12. Nb1 a5 13. a3 bxa3 14. Rxa3 Ba6 15. Bxa6
Rxa6 16. Nbd2 Qa8 17. Rfa1 Qb7 18. Bc3 Rfa8 19. Ra4 Qb5 20. Ne1 e5 21. Nd3 e4
22. Nc1 Ne8 23. Qa2 Nb8 24. Qb1 f5 25. R1a2 Qb7 26. Qa1 Qb5 27. Qb1 Qb7 28. Qa1
Qb5 29. g3 Nf6 30. Qb1 Qb7 31. Qa1 Qb5 1/2-1/2

[Event "DVM U16 2024"]
[Site "Sebnitz GER"]
[Date "2024.12.29"]
[Round "6"]
[White "Friedrich, Timofej"]
[Black "Klaus, Daniel"]
[Result "1/2-1/2"]
[Termination "normal"]
[Board "4.4"]
[WhiteElo "1698"]
[BlackElo "1717"]
[WhiteTeam "SV Stuttgart-Wolfbusch 1956"]
[BlackTeam "SF Essen-Katernberg 04/32"]
[PlyCount "49"]
[WhiteFideId "34617191"]
[BlackFideId "16286286"]
[EventCountry "GER"]
[EventRounds "7"]
[EventType "team-swiss"]
[EventDate "2024.12.26"]

1. e4 e6 2. d4 d5 3. exd5 exd5 4. Bd3 Nc6 5. c3 Bd6 6. h3 Nge7 7. Nf3 O-O 8.
O-O Bf5 9. Bxf5 Nxf5 10. Qd3 Qd7 11. Nbd2 Nce7 12. Re1 Ng6 13. Nb3 b6 14. Be3
Nxe3 15. Rxe3 Nf4 16. Qc2 Qd8 17. Rae1 Qf6 18. Ne5 Qg5 19. Rg3 Qh5 20. Rf3 Ne6
21. Rf5 Qh6 22. Qe2 Bxe5 23. Rxe5 c6 24. Qd2 Qg6 25. R1e3 1/2-1/2

[Event "DVM U16 2024"]
[Site "Sebnitz GER"]
[Date "2024.12.29"]
[Round "6"]
[White "Ruddat, Jarne"]
[Black "Klein, Raphael"]
[Result "0-1"]
[Termination "normal"]
[Board "5.2"]
[WhiteElo "1970"]
[BlackElo "1693"]
[WhiteTeam "TSG Oberschöneweide"]
[BlackTeam "SV 1926 Riegelsberg"]
[PlyCount "56"]
[WhiteFideId "16254236"]
[BlackFideId "16283791"]
[EventCountry "GER"]
[EventRounds "7"]
[EventType "team-swiss"]
[EventDate "2024.12.26"]

1. e4 e5 2. Nf3 Nf6 3. Nxe5 d6 4. Nf3 Nxe4 5. Nc3 Nxc3 6. dxc3 Be7 7. Be3 Nd7
8. Qd2 Nf6 9. h3 O-O 10. Bd3 Be6 11. O-O-O c5 12. c4 a6 13. Qe2 b5 14. g4 bxc4
15. Bxc4 d5 16. Bd3 Qa5 17. Bf5 Qxa2 18. Bxe6 fxe6 19. Nd2 Rab8 20. Nb1 Qxb2+
21. Kd2 d4 22. Bf4 Qb4+ 23. Kd3 c4+ 24. Kxd4 c3+ 25. Ke5 Qc5+ 26. Kxe6 Rb6+ 27.
Bd6 Rxd6+ 28. Rxd6 Bxd6 0-1

[Event "DVM U16 2024"]
[Site "Sebnitz GER"]
[Date "2024.12.29"]
[Round "6"]
[White "Tabales, Lennart"]
[Black "Smith, Tobias"]
[Result "0-1"]
[Termination "normal"]
[Board "5.3"]
[WhiteElo "1676"]
[BlackElo "2006"]
[WhiteTeam "SV 1926 Riegelsberg"]
[BlackTeam "TSG Oberschöneweide"]
[PlyCount "76"]
[WhiteFideId "34604057"]
[BlackFideId "16254228"]
[EventCountry "GER"]
[EventRounds "7"]
[EventType "team-swiss"]
[EventDate "2024.12.26"]

1. e4 c5 2. Nf3 e6 3. d4 cxd4 4. Nxd4 a6 5. c4 Nc6 6. Nc3 Qc7 7. Be3 Nf6 8. f3
Bd6 9. g3 h5 10. Nxc6 Qxc6 11. Qd2 Bc5 12. O-O-O Bxe3 13. Qxe3 b6 14. Qg5 Kf8
15. e5 Ne8 16. Bd3 f6 17. Qf4 Qc7 18. Rhe1 Bb7 19. g4 hxg4 20. fxg4 Ke7 21. Bg6
Rf8 22. Bxe8 Kxe8 23. Rf1 Rc8 24. Rd4 Bc6 25. Ne4 Bxe4 26. Rxe4 Qc5 27. g5 fxe5
28. Qxf8+ Qxf8 29. Rxf8+ Kxf8 30. Kd2 d6 31. Kd3 Kf7 32. b4 Kg6 33. h4 Kf5 34.
a3 d5 35. cxd5 exd5 36. Re2 Rh8 37. Rc2 Rxh4 38. Rc6 Rh3+ 0-1

[Event "DVM U16 2024"]
[Site "Sebnitz GER"]
[Date "2024.12.29"]
[Round "6"]
[White "Sundui, Chinguun"]
[Black "Jung, Marcel"]
[Result "1-0"]
[Termination "normal"]
[Board "5.4"]
[WhiteElo "1945"]
[BlackElo "1700"]
[WhiteTeam "TSG Oberschöneweide"]
[BlackTeam "SV 1926 Riegelsberg"]
[PlyCount "82"]
[WhiteFideId "4907930"]
[BlackFideId "34673881"]
[EventCountry "GER"]
[EventRounds "7"]
[EventType "team-swiss"]
[EventDate "2024.12.26"]

1. e4 c5 2. Nf3 d6 3. Bb5+ Nd7 4. O-O a6 5. Bd3 Ngf6 6. Re1 e6 7. c3 Be7 8. Bc2
O-O 9. d4 b5 10. Nbd2 Bb7 11. Nf1 Rc8 12. Ng3 Re8 13. Bg5 Qc7 14. Rc1 Bf8 15.
Qd2 h6 16. Bf4 e5 17. dxe5 dxe5 18. Be3 Ng4 19. Nf5 Ndf6 20. h3 Rcd8 21. Qe2
Nxe3 22. Qxe3 c4 23. Nh2 Bc5 24. Qg3 Nh5 25. Nxh6+ Kh7 26. Qh4 Bxf2+ 27. Qxf2
Kxh6 28. Ng4+ Kh7 29. Qh4 Qb6+ 30. Ne3 Qh6 31. Nf5 Qb6+ 32. Kf1 g6 33. g4 Rd2
34. Re2 Red8 35. gxh5 gxf5 36. Qg5 Bxe4 37. Bxe4 Rd1+ 38. Re1 Rxe1+ 39. Rxe1
fxe4 40. Qf5+ Kg8 41. Rxe4 Qf6 1-0

[Event "DVM U16 2024"]
[Site "Sebnitz GER"]
[Date "2024.12.29"]
[Round "6"]
[White "Haubold, Sebastian"]
[Black "Fruth, David"]
[Result "1/2-1/2"]
[Termination "normal"]
[Board "6.1"]
[WhiteElo "2163"]
[BlackElo "2132"]
[WhiteTeam "USC Magdeburg"]
[BlackTeam "USV TU Dresden"]
[PlyCount "80"]
[WhiteFideId "16259637"]
[BlackFideId "16257596"]
[EventCountry "GER"]
[EventRounds "7"]
[EventType "team-swiss"]
[EventDate "2024.12.26"]

1. e4 c5 2. Nf3 Nc6 3. d4 cxd4 4. Nxd4 g6 5. Nc3 Bg7 6. Be3 Nf6 7. Bc4 O-O 8.
Bb3 Re8 9. h3 d6 10. Qd2 Bd7 11. O-O-O Na5 12. f4 Nxb3+ 13. Nxb3 Bc6 14. Qd3 a5
15. Nd4 Nd7 16. Nxc6 bxc6 17. e5 a4 18. Ne4 d5 19. h4 Qa5 20. Ng5 Reb8 21. h5
Qb4 22. hxg6 hxg6 23. Qd4 Qxd4 24. Bxd4 e6 25. c4 dxc4 26. Bc3 Nc5 27. Rd4 a3
28. Rxc4 Nd3+ 29. Kc2 axb2 30. Rb1 Nc1 31. Rxc6 Nxa2 32. Rxb2 Rxb2+ 33. Kxb2
Nxc3 34. Rxc3 Bh6 35. Nh3 Ra4 36. g3 Re4 37. Kb3 g5 38. Rc4 Rxc4 39. Kxc4 gxf4
40. gxf4 Kg7 1/2-1/2

[Event "DVM U16 2024"]
[Site "Sebnitz GER"]
[Date "2024.12.29"]
[Round "6"]
[White "Marynychenko, Yehor"]
[Black "Haubold, Christian"]
[Result "1-0"]
[Termination "normal"]
[Board "6.2"]
[WhiteElo "2063"]
[BlackElo "2074"]
[WhiteTeam "USV TU Dresden"]
[BlackTeam "USC Magdeburg"]
[PlyCount "79"]
[WhiteFideId "34160558"]
[BlackFideId "16259629"]
[EventCountry "GER"]
[EventRounds "7"]
[EventType "team-swiss"]
[EventDate "2024.12.26"]

1. e4 e5 2. Nf3 Nc6 3. Bb5 a6 4. Ba4 Nf6 5. O-O Be7 6. Re1 b5 7. Bb3 O-O 8. c3
d5 9. exd5 Nxd5 10. Nxe5 Nxe5 11. Rxe5 c6 12. d4 Bd6 13. Re1 Qh4 14. g3 Qh3 15.
Re4 g5 16. Qf1 Qh5 17. Nd2 Bh3 18. Qd1 Qg6 19. Re1 Rae8 20. Nf1 Bg4 21. Qd2 h6
22. Ne3 Qe6 23. Bd1 Bh3 24. Bf3 Bf4 25. gxf4 gxf4 26. Ng2 Qg6 27. Kh1 Kh8 28.
Rg1 Rg8 29. Qd1 Qf5 30. Bd2 Rg5 31. Qb1 Qf6 32. Qd3 Bf5 33. Qf1 Bh3 34. Qd3
Reg8 35. Bxd5 Bf5 36. Be4 Rxg2 37. Bxf5 Rxh2+ 38. Kxh2 Qh4+ 39. Qh3 Qxf2+ 40.
Kh1 1-0

[Event "DVM U16 2024"]
[Site "Sebnitz GER"]
[Date "2024.12.29"]
[Round "6"]
[White "Kuhlmann, Nils Magnus"]
[Black "Ellinger, Maximilian"]
[Result "1-0"]
[Termination "normal"]
[Board "6.3"]
[WhiteElo "1796"]
[BlackElo "1996"]
[WhiteTeam "USC Magdeburg"]
[BlackTeam "USV TU Dresden"]
[PlyCount "93"]
[WhiteFideId "16287177"]
[BlackFideId "34631003"]
[EventCountry "GER"]
[EventRounds "7"]
[EventType "team-swiss"]
[EventDate "2024.12.26"]

1. e4 e6 2. d4 d5 3. Bd3 dxe4 4. Bxe4 Nf6 5. Bf3 c5 6. Ne2 Nc6 7. Be3 cxd4 8.
Nxd4 Ne5 9. O-O Nxf3+ 10. Qxf3 Qd5 11. Nc3 Qxf3 12. Nxf3 Bd7 13. Ne5 Bb4 14.
Nxd7 Bxc3 15. Nxf6+ Bxf6 16. c3 Kd7 17. Rad1+ Kc7 18. Rd3 Rhd8 19. Rfd1 a6 20.
Kf1 b5 21. a3 Kc6 22. Ke2 a5 23. Rxd8 Rxd8 24. Rxd8 Bxd8 25. Kd3 Kd5 26. b3 a4
27. bxa4 bxa4 28. c4+ Kc6 29. Bd2 f5 30. Bb4 g6 31. f3 e5 32. g4 Bb6 33. Bc3
Kd6 34. Bb2 Bc5 35. h3 Ke6 36. Bc1 Bd4 37. Bd2 Kd6 38. f4 Bc5 39. fxe5+ Kxe5
40. Bc1 h5 41. gxh5 gxh5 42. Bb2+ Kf4 43. Bd4 Bxa3 44. c5 Kg3 45. Be5+ Kg2 46.
c6 f4 47. Bxf4 1-0

[Event "DVM U16 2024"]
[Site "Sebnitz GER"]
[Date "2024.12.29"]
[Round "6"]
[White "Sato, Kai Nathan"]
[Black "Pham, Jacky"]
[Result "0-1"]
[Termination "normal"]
[Board "6.4"]
[WhiteElo "1679"]
[BlackElo "1601"]
[WhiteTeam "USV TU Dresden"]
[BlackTeam "USC Magdeburg"]
[PlyCount "74"]
[WhiteFideId "34605630"]
[BlackFideId "34611606"]
[EventCountry "GER"]
[EventRounds "7"]
[EventType "team-swiss"]
[EventDate "2024.12.26"]

1. e4 c5 2. c3 Nf6 3. e5 Nd5 4. d4 cxd4 5. cxd4 e6 6. Nf3 Nc6 7. Bc4 d6 8. Bxd5
exd5 9. O-O dxe5 10. dxe5 Be7 11. Bf4 Be6 12. Nc3 a6 13. Nd4 Nxd4 14. Qxd4 Qd7
15. Rad1 Rd8 16. Rd2 Qc6 17. Qe3 O-O 18. Rfd1 d4 19. Rxd4 Bc5 20. Rxd8 Bxe3 21.
Rxf8+ Kxf8 22. Bxe3 b5 23. Rd6 Qe4 24. Rd4 Qc6 25. f4 Bc4 26. a3 Qc8 27. Rd6
Qf5 28. Kf2 a5 29. Ne2 Qb1 30. Rd8+ Ke7 31. Rd2 h5 32. h3 h4 33. Bb6 Qe4 34.
Be3 Bd5 35. Nc3 Qxg2+ 36. Ke1 Qh1+ 37. Ke2 Bc4+ 0-1

[Event "DVM U16 2024"]
[Site "Sebnitz GER"]
[Date "2024.12.29"]
[Round "6"]
[White "Klein, Timon"]
[Black "Malinowsky, Levi"]
[Result "1/2-1/2"]
[Termination "normal"]
[Board "7.1"]
[BlackTitle "CM"]
[WhiteElo "1784"]
[BlackElo "2190"]
[WhiteTeam "SC Leipzig-Lindenau"]
[BlackTeam "Lübecker SV 1873"]
[PlyCount "182"]
[WhiteFideId "34651713"]
[BlackFideId "16253094"]
[EventCountry "GER"]
[EventRounds "7"]
[EventType "team-swiss"]
[EventDate "2024.12.26"]

1. e4 c5 2. c3 d5 3. exd5 Qxd5 4. d4 Nc6 5. Nf3 Bf5 6. Be2 cxd4 7. cxd4 Bxb1 8.
Rxb1 e6 9. O-O Bd6 10. b4 Nf6 11. b5 Ne7 12. Ne5 Bxe5 13. dxe5 Qxe5 14. Bb2 Qg5
15. Bxf6 Qxf6 16. Bf3 O-O 17. Bxb7 Rab8 18. Bf3 Nf5 19. Qa4 Nd4 20. Qxa7 Nxf3+
21. gxf3 Qg5+ 22. Kh1 Rxb5 23. Qe3 Qf5 24. Qe4 Qc5 25. Rxb5 Qxb5 26. Rb1 Qc5
27. Kg2 Qa3 28. Qc2 g6 29. Rb3 Qa5 30. a3 h5 31. Qe4 Qg5+ 32. Kh1 Rc8 33. Rb1
Rc1+ 34. Rxc1 Qxc1+ 35. Kg2 Qxa3 36. h4 Qd6 37. Qa8+ Kg7 38. Qa1+ e5 39. Qc3
Qd4 40. Qc7 Qf4 41. Qd8 Qf6 42. Qc7 Kh6 43. Qb8 Kg7 44. Qc7 g5 45. hxg5 Qxg5+
46. Kf1 Qf5 47. Kg2 Kg6 48. Qc6+ Qf6 49. Qc2+ Kh6 50. Qc3 Qg5+ 51. Kh2 Kg7 52.
Qd3 Qg6 53. Qc3 Qd6 54. Kg2 Qd4 55. Qb3 e4 56. fxe4 Qxe4+ 57. Kh2 Kg6 58. Qg3+
Kh7 59. Qb3 Qe5+ 60. Kg2 Kg6 61. Qd3+ Kf6 62. Qf3+ Kg6 63. Qd3+ Qf5 64. Qd6+ f6
65. Qa3 Qe4+ 66. Kh2 Qe5+ 67. Kg2 f5 68. Qb3 f4 69. Qg8+ Kf6 70. Qh8+ Ke6 71.
Qe8+ Kd5 72. Qd7+ Ke4 73. Qh7+ Qf5 74. Qe7+ Kd5 75. Qb7+ Ke6 76. Qc8+ Kf6 77.
Qf8+ Kg5 78. Qe7+ Qf6 79. Qc5+ Kh4 80. Qa3 Qc6+ 81. Kh2 Qe4 82. Qh3+ Kg5 83.
Qb3 f3 84. Qg8+ Kf5 85. Qf7+ Kg5 86. Qg8+ Kf6 87. Qf8+ Ke5 88. Qe8+ Kd4 89.
Qxe4+ Kxe4 90. Kg3 Kf5 91. Kxf3 h4 1/2-1/2

[Event "DVM U16 2024"]
[Site "Sebnitz GER"]
[Date "2024.12.29"]
[Round "6"]
[White "Sommer, Justus"]
[Black "Göllnitz, Aaron"]
[Result "1/2-1/2"]
[Termination "normal"]
[Board "7.2"]
[WhiteElo "2128"]
[BlackElo "1615"]
[WhiteTeam "Lübecker SV 1873"]
[BlackTeam "SC Leipzig-Lindenau"]
[PlyCount "118"]
[WhiteFideId "16245008"]
[BlackFideId "34617183"]
[EventCountry "GER"]
[EventRounds "7"]
[EventType "team-swiss"]
[EventDate "2024.12.26"]

1. e4 c5 2. Nf3 e6 3. d4 cxd4 4. Nxd4 Nc6 5. Nc3 Qc7 6. Be3 a6 7. g4 b5 8. Nxc6
Qxc6 9. Ne2 Bb7 10. Rg1 Rc8 11. Nd4 Qc7 12. Bd3 Bc5 13. Qf3 Bb4+ 14. Kf1 Ne7
15. Qg3 Bd6 16. f4 g5 17. e5 Bc5 18. f5 Nd5 19. c3 Nxe3+ 20. Qxe3 h6 21. Rd1
Bxd4 22. Qxd4 Qc5 23. Rg3 Qxd4 24. cxd4 exf5 25. gxf5 Bd5 26. a3 f6 27. Re3 Kf7
28. Kf2 Rhe8 29. Rd2 Rc7 30. Be2 Kg7 31. Bf3 Bxf3 32. Kxf3 h5 33. Rg2 Kf7 34.
Rd2 Kg7 35. Ree2 Kf7 36. Rd3 Rcc8 37. Kg3 Rc7 38. Rde3 Rcc8 39. e6+ dxe6 40.
Rxe6 Rxe6 41. Rxe6 Rd8 42. Rxa6 Rxd4 43. Ra7+ Ke8 44. b4 Rf4 45. Ra5 Rxf5 46.
a4 Re5 47. axb5 Kd7 48. b6 Kc6 49. b5+ Kb7 50. Ra7+ Kb8 51. Rf7 Rf5 52. Kh3 Rf4
53. Kg2 h4 54. Kg1 Rf5 55. Kg2 Rf4 56. Kg1 f5 57. Kg2 Kc8 58. Rc7+ Kb8 59. Rf7
Kc8 1/2-1/2

[Event "DVM U16 2024"]
[Site "Sebnitz GER"]
[Date "2024.12.29"]
[Round "6"]
[White "Rudolph, Konrad"]
[Black "Engels, Ruben"]
[Result "0-1"]
[Termination "normal"]
[Board "7.3"]
[WhiteElo "1550"]
[BlackElo "1902"]
[WhiteTeam "SC Leipzig-Lindenau"]
[BlackTeam "Lübecker SV 1873"]
[PlyCount "102"]
[WhiteFideId "34607668"]
[BlackFideId "34612939"]
[EventCountry "GER"]
[EventRounds "7"]
[EventType "team-swiss"]
[EventDate "2024.12.26"]

1. d4 d5 2. c4 c6 3. Nf3 Nf6 4. Qc2 dxc4 5. Qxc4 Bf5 6. Bf4 Nbd7 7. e3 e6 8.
Be2 Qa5+ 9. Nc3 Nd5 10. O-O Nxf4 11. exf4 Be7 12. Rfd1 Bc2 13. a3 Nb6 14. Qa2
Bxd1 15. Rxd1 Nd5 16. Qb3 Qb6 17. Qc2 Nxf4 18. Bc4 O-O 19. Na4 Qa5 20. Nc3 Qh5
21. Ne4 Qg6 22. g3 Nh3+ 23. Kg2 Ng5 24. Bd3 Nxf3 25. Kxf3 f5 26. Nc5 Bxc5 27.
dxc5 Rad8 28. Kg2 Rfe8 29. Re1 Kf8 30. Qb3 Rd7 31. Bc4 Rde7 32. Re5 Qf6 33. Qc3
Rd8 34. Qe1 Rd4 35. Bxe6 Re4 36. Rxe4 fxe4 37. Bg4 e3 38. Qe2 exf2 39. Qxf2
Qxf2+ 40. Kxf2 a5 41. b3 g5 42. Be2 Re5 43. b4 axb4 44. axb4 Re4 45. b5 Re5 46.
bxc6 bxc6 47. Kf3 h6 48. Bd3 Rxc5 49. Ke4 Ke7 50. h4 gxh4 51. gxh4 Rh5 0-1